Top 50 Most liked kpop boy group worldwide - Statistics

General Stats
  • This quiz has been taken 87 times
  • The average score is 22 of 50
Answer Stats
Hint Answer % Correct
31 Block B
100%
1 BTS
100%
7 Stray kids
93%
15 ENHYPEN
86%
3 BIG BANG
83%
2 Seventeen
83%
16 ATEEZ
82%
27 TXT
82%
9 EXO
79%
8 NCT
79%
6 BOYNEXTDOOR
72%
4 Shinee
68%
11 ZEROBASEONE
68%
24 GOT7
65%
17 Super Junior
60%
21 Treasure
60%
20 Wanna One
58%
43 P1Harmony
57%
26 2PM
56%
19 MONSTA X
56%
13 RIIZE
54%
14 TWS
54%
5 THE BOYZ
51%
12 BtoB
50%
32 WINNER
49%
18 Astro
47%
33 Cravity
43%
30 KickFlip
35%
23 TVXQ
35%
34 Pentagon
33%
41 ONEUS
29%
37 SF9
26%
28 VIXX
24%
48 Xdinary Heroes
24%
10 Infinite
22%
22 Beast
19%
44 CIX
17%
50 One Pact
14%
46 Golden Child
13%
25 Evnne
11%
29 ONF
11%
36 FT Island
10%
38 Teen Top
10%
35 VERIVERY
8%
40 B1a4
7%
49 Fantasy Boys
6%
45 NouerA
3%
42 NOWADAYS
3%
39 GreatGuys
1%
47 BAE173
0%
No matching quizzes found
Score Distribution
Percent of People with Each Score
Percentile by Number Answered
Your Score History
You have not taken this quiz